Central Library OPAC University of Rajshahi
Normal view MARC view

Entry Personal Name

Number of records used in: 7

001 - CONTROL NUMBER

  • control field: 6254

003 - CONTROL NUMBER IDENTIFIER

  • control field: BD-RjUL

005 - DATE AND TIME OF LATEST TRANSACTION

  • control field: 20221211102647.0

008 - FIXED-LENGTH DATA ELEMENTS

  • fixed length control field: 221211|| aca||aabn | a|a d

040 ## - CATALOGING SOURCE

  • Original cataloging agency: BD-RjUL
  • Transcribing agency: BD-RjUL

100 ## - HEADING--PERSONAL NAME

  • Personal name: খান, সৈয়দ আহমদ

670 ## - SOURCE DATA FOUND

  • Source citation: Work cat.: (BD-RjUL)80944: খান, সৈয়দ আহমদ, রুদ্র মুহম্মদ শহিদুল্লাহর কাব্য :, ২০০৫